EAFC 25 - TOTW #1 - Statistiken

Allgemein
  • Dieses Quiz wurde 40 mal gespielt
  • Das Durchschnittsergebnis liegt bei 10 aus 23
Antwortstatistiken
Raiting Verein Nation Spieler/in % Korrekt
89 Inter Miami Argentinien Lionel Messi
100%
87 Al-Ittihad Frankreich Karim Benzema
82%
88 AC Milan Frankreich Theo Hernandez
79%
84 Bayer Leverkusen Nigeria Victor Boniface
79%
87 FC Arsenal Brasilien Gabriel
76%
87 Paris SG Frankreich Ousmane Dembele
74%
82 Borussia Dortmund Deutschland Karim Adeyemi
59%
86 SSC Neapel Georgien Khvicha Kvaratskhelia
59%
84 FC Barcelona Spanien Lamine Yamal
59%
84 AS Monaco Schweiz Denis Zakaria
47%
86 Washington Spirit USA Trinity Rodman
35%
82 LA Galaxy Spanien Riqui Puig
32%
81 Nottingham Forest England Callum Hudson-Odoi
26%
85 Bayern München Deutschland Klara Bühl
26%
82 Olympique Marseile Argentinien Geronimo Rulli
21%
82 Sporting Lissabon Portugal Trincao
21%
81 RCD Espanyol Spanien Puado
18%
80 AZ Alkmaar Irland Troy Parrott
15%
80 KRC Genk Nigeria Yira Sor
15%
80 Lech Poznan Portugal Joel Pereira
12%
82 Atletico Madrid Brasilien Lauren
12%
80 Argentinos Juniors Argentinien Jose Herrera
9%
80 Wigan Athletic England Luke Chambers
9%
Keine übereinstimmenden Quizze gefunden
Verteilung der Resultate
Anzahl Personen mit jedem Resultat
Perzentil nach korrekt beantworteten Fragen
Ihre Resultats-Entwicklung
Sie haben dieses Quiz noch nicht gespielt